000 00734cab a2200217 4500
001 ABS59867
008 090401t1998 xxu||||| |||| 00| 0 eng d
035 _a(Sirsi) u90411
041 _aeng
100 _aBlake, A.
245 _aTough new rules tighten checks on applications
260 _c1998
350 _a0
490 _aFarmers' Weekly
_v129(25) 18 December 1998, 50(1)
520 _aReview on the restrictions farmers in Nitrate Vulnerable Zones face following new NVZ rules (in force from 19 December 1998) which comply with UK interpretation of the EC Nitrate Directive.
650 _aDIRECTIVE 91/676/EEC
650 _aNITRATE VULNERABLE ZONES
690 _aRURAL PRACTICE
942 _n0
948 _c21/12/1998
999 _c57320
_d57320